000
00273nam a22001217a 4500
020
_a
9221014576
082
_a
331.87ILO
245
_a
FREEDOM OF ASSOCIATION
260
_a
GENEVA
_b
ILO
_c
1976
300
_a
-XII,-180-P
_b
25CM
650
_a
FREEDOM OF ASSOCIATION
942
_c
BK
999
_c
14884
_d
14884